Modern trends in agricultural marketing (Record no. 77615)
[ view plain ]
| 000 -LEADER | |
|---|---|
| fixed length control field | 00675nam a2200181 a 4500 |
| 008 - FIXED-LENGTH DATA ELEMENTS--GENERAL INFORMATION | |
| fixed length control field | 120416s1996 ||||||||||||||||| || u |
| 020 ## - INTERNATIONAL STANDARD BOOK NUMBER | |
| International Standard Book Number | 8171321054 |
| 050 ## - LIBRARY OF CONGRESS CALL NUMBER | |
| Classification number | S 571 Yad |
| 100 ## - MAIN ENTRY--PERSONAL NAME | |
| Personal name | Yadav, Subah Singh |
| 245 10 - TITLE STATEMENT | |
| Title | Modern trends in agricultural marketing |
| Statement of responsibility, etc. | by J. S. Yadav and Subah Singh Yadav |
| 260 ## - PUBLICATION, DISTRIBUTION, ETC. | |
| Place of publication, distribution, etc. | Jaipur, India: |
| Name of publisher, distributor, etc. | Pointer Publishers |
| Date of publication, distribution, etc. | 1996 |
| 300 ## - PHYSICAL DESCRIPTION | |
| Extent | v, 264p.: ill. |
| 350 ## - | |
| -- | 0.00 |
| 650 ## - SUBJECT ADDED ENTRY--TOPICAL TERM | |
| Topical term or geographic name entry element | AGRICULTURE |
| 650 ## - SUBJECT ADDED ENTRY--TOPICAL TERM | |
| Topical term or geographic name entry element | AGRICULTURE--MARKETING--INDIA |
| 700 ## - ADDED ENTRY--PERSONAL NAME | |
| Personal name | Yadav, J. S |
| 995 ## - | |
| -- | MAIN LIBRARY OPEN ACCESS |
| -- | 0.00 |
| -- | 732282 |
| -- | CBU-MAIN LIBRARY (Kitwe) |
| -- | 1 |
| -- | 0.00 |
| -- | S 571 YAD |
| -- | 3 |
| -- | AVAILABLE |
| -- | Nov 23, 2007 |
| -- | 029589 |
| -- | Main Library Open Access Collection |
| 999 ## - | |
| -- | 77615 |
| -- | 77615 |
| Withdrawn status | Lost status | Source of classification or shelving scheme | Damaged status | Not for loan | Permanent Location | Current Location | Shelving location | Date acquired | Total Checkouts | Full call number | Barcode | Date last seen | Copy number | Price effective from | Koha item type |
|---|---|---|---|---|---|---|---|---|---|---|---|---|---|---|---|
| CBU-MAIN LIBRARY, KITWE. | CBU-MAIN LIBRARY, KITWE. | 05/03/2023 | S 571 Yad | 029589 | 05/03/2023 | 1 | 05/03/2023 | MONOGRAPH |